Plus grandes villes par pays - Statistiques

Statistiques générales
  • Ce quiz a été pris 185 fois
  • Le résultat moyen est 32 sur 50
Statistiques - réponses
Pays Nombre d'Habitants Ville % Correct
France 2 145 906 Paris
91%
Royaume-Uni 8 908 08 Londres
90%
Japon 14 264 798 Tokyo
90%
Mexique 9 209 944 Mexico
87%
Russie 12 655 050 Moscou
86%
Allemagne 3 748 148 Berlin
85%
Espagne 3 280 782 Madrid
85%
Inde 16 787 941 New Delhi
85%
États-Unis 8 804 190 New York
85%
Italie 2 844 395 Rome
85%
Algérie 3 154 792 Alger
82%
Égypte 10 025 657 Le Caire
82%
Australie 5 312 163 Sydney
82%
Argentine 3 090 900 Buenos Aires
81%
Ukraine 2 962 180 Kiev
80%
Corée du Sud 10 114 373 Séoul
79%
Turquie 15 848 000 Istanbul
76%
Singapour 6 209 660 Singapour
76%
Pérou 8 890 792 Lima
73%
Brésil 12 396 372 Sao Paulo
73%
Emirats arabes unis 3 100 000 Dubaï
71%
Indonésie 11 075 000 Jakarta
71%
Thaïlande 10 820 921 Bangkok
70%
Colombie 6 778 691 Bogota
70%
Canada 2 956 024 Toronto
68%
Maroc 3 566 020 Casablanca
66%
Rép. Dém. Congo 16 316 000 Kinshasa
66%
Chili 4 912 500 Santiago
64%
Irak 8 126 755 Bagdad
63%
Iran 8 846 782 Téhéran
63%
Afrique du Sud 5 926 668 Johannesbourg
60%
Arabie Saoudite 6 152 180 Riyad
60%
Kenya 4 734 881 Nairobi
57%
Nigéria 15 946 000 Lagos
56%
Syrie 2 503 000 Damas
55%
Bangladesh 13 142 000 Dacca
54%
Côte d'Ivoire 6 321 017 Abidjan
52%
Taïwan 2 602 418 Taipei
52%
Vietnam 8 224 400 Hô Chi Minh-Ville
45%
Ethiopie 3 352 000 Addis-Abeba
43%
Jordanie 4 000 000 Amman
42%
Ghana 2 291 352 Accra
40%
Angola 8 952 000 Luanda
40%
Pakistan 17 236 000 Karachi
37%
Yémén 2 187 392 Sanaa
37%
Tanzanie 4 364 541 Dar es Salam
32%
Cameroun 4 063 000 Douala
23%
Birmanie 4 348 000 Rangoun
20%
Chine 32 054 159 Chongqing
16%
Équateur 2 291 158 Guayaquil
11%
Aucun quiz correspondant
Distribution des résultats
% des personnes avec chaque résultat
Percentile par nombre de réponses
Votre historique - résultats
Vous n’avez pas pris ce quiz